DEVELOPMENTS IN GEOTECHNICAL ASPECTS OF EMBANKMENTS, EXCAVATIONS AND BURIED STRUCTURES (Record no. 550608)
[ view plain ]
| 000 -LEADER | |
|---|---|
| fixed length control field | 00429nam a22001337a 4500 |
| 082 ## - DEWEY DECIMAL CLASSIFICATION NUMBER | |
| Classification number | 624.152 |
| Author Mark | DEV |
| -- | L-37, P-20 |
| 110 ## - MAIN ENTRY--CORPORATE NAME | |
| Corporate name or jurisdiction name as entry element | BALASUBRAMANIAM, A.S |
| 9 (RLIN) | 47321 |
| 245 b# - TITLE STATEMENT | |
| Title | DEVELOPMENTS IN GEOTECHNICAL ASPECTS OF EMBANKMENTS, EXCAVATIONS AND BURIED STRUCTURES |
| 260 ## - PUBLICATION, DISTRIBUTION, ETC. | |
| Place of publication, distribution, etc. | USA |
| Name of publisher, distributor, etc. | Balkema, Rotterdam |
| Date of publication, distribution, etc. | 1991 |
| 300 ## - PHYSICAL DESCRIPTION | |
| Extent | ix, 597 p,: |
| Other physical details | ill |
| Dimensions | 23 cm |
| 526 ## - STUDY PROGRAM INFORMATION NOTE | |
| Program name | 0 |
| Interest level | 0 |
| Reading level | 0 |
| Title point value | 624_152000000000000_DEV |
| 650 ## - SUBJECT ADDED ENTRY--TOPICAL TERM | |
| Topical term or geographic name entry element | MCE |
| 9 (RLIN) | 379 |
| 942 ## - ADDED ENTRY ELEMENTS (KOHA) | |
| Source of classification or shelving scheme | |
| Koha item type | Book |
| Withdrawn status | Lost status | Source of classification or shelving scheme | Damaged status | Not for loan | Permanent Location | Current Location | Date acquired | Total Checkouts | Full call number | Barcode | Date last seen | Price effective from | Koha item type |
|---|---|---|---|---|---|---|---|---|---|---|---|---|---|
| Military College of Engineering (MCE) | Military College of Engineering (MCE) | 11/17/2014 | 624.152 DEV | MCE-28700 | 11/17/2014 | 11/17/2014 | Book |
